000 01259nam a2200277 a 4500
001 54962
003 BD-RjUL
005 20211209080208.0
008 161113s2005 ii ||||| |||| 00| 0 ben d
020 _a8129503395
_c: IRs 100.00
035 _a(BD-RjUL)55084
040 _aBD-RjUL
_bben
_cBD-RjUL
_dBD-RjUL
041 _aben
082 _223
_a954
_bCHG 2005
100 1 _aচন্দ, রমাপ্রসাদ
_9163869
245 1 0 _aগৌড়রাজমালা /
_cরমাপ্রসাদ চন্দ ; অতিরিক্ত সংযোজন রাজবিবরণ: রামপ্রাণ গুপ্ত ; সংগ্রহ:গ্রন্থনা: কমল চৌধুরী
246 _aগৌড় রাজমালা
250 _aদে'জ সং.
260 _aকলকাতা :
_bদে'জ পাবলিশিং,
_c২০০৫.
300 _a১৮৪ পৃ. ;
_c২২সেমি .
651 _aভারত
_xইতিহাস
_9163870
651 _aIndia
_xHistory
_9163871
700 _aগুপ্ত, রামপ্রাণ, অতিরিক্ত সংযোজন
_9238420
700 _aচৌধুরী, কমল, সংগ্রাহক
_9238421
942 _2ddc
_cBK
999 _c54962
_d54962